Estonia, Latvia, and Lithuania country studies

Guardado en:
Detalles Bibliográficos
Formato: Libro
Lenguaje:inglés
Publicado: Washington Federal Research Division, Library of Congress 1996
Colección:Area handbook series Series 4
Materias:
Etiquetas: Agregar Etiqueta
Sin Etiquetas, Sea el primero en etiquetar este registro!

MARC

LEADER 00000nam a2200000 4500
001 c019638
005 20240229120835.3
020 |a 0-8444-0851-4 
022 |a 1057-5294 
041 0 |a eng 
044 |a US 
245 1 0 |a Estonia, Latvia, and Lithuania  |b country studies  |c Edited by Walter R. Iwaskiw 
264 1 |a Washington  |b Federal Research Division, Library of Congress  |c 1996 
300 |a 304 s. 
490 1 |a Area handbook series  |v Series 4 
830 0 |a Area handbook series  |v Series 4 
610 2 0 |a spoločnosť 
610 2 0 |a krajiny rozvojové 
610 2 0 |a história 
610 2 0 |a prostredie krajinné 
610 2 0 |a prostredie životné 
610 2 0 |a ekonómia 
610 2 0 |a hospodárstvo národné 
610 2 0 |a hospodárstvo trhové 
610 2 0 |a vláda 
610 2 0 |a štátovky 
610 2 0 |a štát 
610 2 0 |a vzťahy hospodárske medzinárodné 
610 2 0 |a kultúra 
610 2 0 |a Estónsko 
610 2 0 |a Litva 
610 2 0 |a Lotyšsko